Bad Salzuflen Stadtteile Quiz - Statistiken

Allgemein
  • Dieses Quiz wurde 15 mal gespielt
  • Das Durchschnittsergebnis liegt bei 7 aus 12
Antwortstatistiken
Einwohner Stadtteile % Korrekt
9k Schötmar
92%
20,9k Innenstadt
85%
3,1k Lockhausen
69%
7,6k Werl-Aspe
62%
1,5k Biemsen-Ahmsen
54%
3,1k Holzhausen
54%
1,4k Retzen
54%
3,7k Wüsten
54%
3,1k Ehrsen-Breden
46%
719 Grastrup-Hölsen
46%
1,8k Wülfer-Bexten
46%
45 Papenhausen
31%
Keine übereinstimmenden Quizze gefunden
Verteilung der Resultate
Anzahl Personen mit jedem Resultat
Perzentil nach korrekt beantworteten Fragen
Ihre Resultats-Entwicklung
Sie haben dieses Quiz noch nicht gespielt